000
00266nam a2200121Ia 4500
008
190216s9999||||xx |||||||||||||| ||und||
100
_a
Null
245
0
_a
Hindi-Noothan Gath Samgrah
260
_b
Sahithya Accadamy
300
_a
85
650
_a
Hindi
942
_c
BK
999
_c
15829
_d
15829